000 00467nam a2200145Ia 4500
041 _aKurdish
082 _a297,4 cut-348 ب
100 _a20260118u\\\\\\\\\\\y0engy0103\\\\ba
100 _aد.قارەمان نادر شێخ بزێنى
245 0 _aڕئیگاى هەق لە نێوان شەدەڵە و کەلکەسماقدا
250 _aچ1
260 _bچاپخانەیى زانکۆى سەلاحەددین
_aهەولێر
_c2023
300 _a330
942 _cBk
999 _c188332
_d188332